| 000 | 01358cam a2200349 a 4500 | ||
|---|---|---|---|
| 001 | 000018548 | ||
| 005 | 20200929165825.0 | ||
| 008 | 931006m19921996sp a b l000 0 spa | ||
| 010 | _a93215276 | ||
| 020 | _a8445105299 (v. 1) | ||
| 020 | _a8445106945 (v. 2) | ||
| 020 | _a8445107984 (v. 3) | ||
| 020 | _a8445111612 (v. 4) | ||
| 040 |
_aDO-SdBNP _cDLC _dDLC |
||
| 043 | _ae-sp--- | ||
| 050 | 0 | 0 |
_aDP354 _b.M263 1992 |
| 245 | 0 | 0 |
_aMadrid en la prosa de viaje / _cestudio y seleccion de Jose Luis Checa Cremades. |
| 260 |
_a[Madrid] : _bComunidad de Madrid, _cc1992-c1996. |
||
| 300 |
_a4 v. : _bill. ; _c25 cm. |
||
| 440 | 0 |
_aMadrid en la literatura _938936 |
|
| 500 | _aVols. 3-4: estudio y seleccion de Juan Antonio Santos. | ||
| 504 | _aIncludes bibliographical references. | ||
| 505 | 0 | _a1. Siglos XV, XVI, XVII -- 2. Siglo XVIII -- 3. Siglo XIX -- 4. Siglo XX. | |
| 651 | 0 |
_aMadrid (Spain : Region{Rpara} _xDescription And Travel. _940113 |
|
| 651 | 0 |
_aMadrid (Spain : Region{Rpara} _xSocial Life And Customs. _940114 |
|
| 650 | 0 |
_aVisitors, foreign _zSpain _zMadrid (Region{Rpara} _xAttitudes. _940115 |
|
| 650 | 0 |
_aTravelers _zSpain _zMadrid (Region{Rpara} _xAttitudes. _940116 |
|
| 700 | 2 |
_aCheca Cremades, Jose Luis. _940117 |
|
| 700 | 1 |
_aSantos, Juan Antonio. _940118 |
|
| 910 | _aCatalogación por derivada / LC | ||
| 082 | 0 | 0 |
_a946/.41 _220 |
| 999 |
_c18068 _d18068 |
||